| 000 | 00455pab a2200145 454500 | ||
|---|---|---|---|
| 008 | 180718b2005 xxu||||| |||| 00| 0 eng d | ||
| 100 | _aVenkateswarlu, A. | ||
| 245 | _aShares and growth of rural non-farm employment in Andhra Pradesh, 1981-2001: a district-wise analysis | ||
| 260 | _c2005 | ||
| 300 | _ap.96-110. | ||
| 650 | _aEmployment - India - West Bengal | ||
| 650 | _aEmployment | ||
| 773 | _aIndian Journal of Regional Science | ||
| 909 | _a68468 | ||
| 999 |
_c68468 _d68468 |
||